Waters of hope: Intergrated resource development and regional cooperation within the Himalayan-Grand-Brahmaputra-Barak Basin (Record no. 67902)

MARC details
000 -LEADER
fixed length control field 00476nam a2200157Ia 4500
008 - FIXED-LENGTH DATA ELEMENTS--GENERAL INFORMATION
fixed length control field 230917s9999||||xx |||||||||||||| ||und||
020 ## - ISBN
Price RS295
040 ## - CATALOGING SOURCE
-- 17361
Original cataloging agency VIVEKANANDA LIBRARY
041 ## - Language
-- English
082 ## - DDC NUMBER
Classification number 333.912 V587W
100 ## - MAIN ENTRY--PERSONAL NAME
Personal name Verghese, B G
245 #0 - TITLE STATEMENT
Title Waters of hope: Intergrated resource development and regional cooperation within the Himalayan-Grand-Brahmaputra-Barak Basin
260 ## - PUBLICATION, DISTRIBUTION, ETC. (IMPRINT)
Place of publication, distribution, etc New Delhi
Name of publisher, distributor, etc Oxford & IBH
Date of publication, distribution, etc 1990
300 ## - PHYSICAL DESCRIPTION
Pages xvi, 446 p.
942 ## - ADDED ENTRY ELEMENTS (KOHA)
Koha item type Books
Holdings
Withdrawn status Lost status Damaged status Not for loan Location (home branch) Sublocation or collection (holding branch) Date acquired Koha issues (times borrowed) Koha full call number Accession No. Koha date last seen Koha item type
        VIVEKANANDA LIBRARY VIVEKANANDA LIBRARY 08/08/2002   333.912 V587W 140795 17/09/2023 Books
© Designed and Maintained by Vivekananda Library, MDU Rohtak